• 首页
  • 本馆介绍
  • 公告通知
  • 最新文献
  • 馆藏检索
  • 电子资源
  • 读者导购
  • 参考咨询
  • 我的图书馆
  • 登录
  • 详细信息显示
  • 放入我的书架
  • 预约/预借图书
  • 作者相关作品
  • 分类相关作品
  • 丛书相关作品
  • 出版社相关作品

书目信息

  • 表格格式
  • 工作单格式
  • 卡片格式
题名:
历史上那些女人们
    
 
作者: 杨柳 著
分册:  
出版信息: 北京   群言出版社  2016
页数: 330页
开本: 24cm
丛书名:
单 册:
中图分类: K828.5=2
科图分类:
主题词: 女性--nv xing--名人--生平事迹--中国--古代
电子资源:
ISBN: 978-7-5193-0096-8
000 00957nam0 22002411 450
001 0120082240
005 20170320082240.0
010    @a978-7-5193-0096-8@dCNY36.00
100    @a20160622d2016 em y0chiy50 ea
101 0  @achi
102    @aCN@b110000
105    @ay z 000yd
106    @ar
200 1  @a历史上那些女人们@9li shi shang na xie nv ren men@f杨柳著
210    @a北京@c群言出版社@d2016
215    @a330页@d24cm
314    @a杨柳, 女, 资深作者, 对文史知识兴趣浓厚并有深入研究, 曾策划并编写文史类图书多部, 如《帝都》《108位千古将帅》《开山鼻祖趣谈》和《66个改变历史进程的转折点》等。
330    @a本书共分为十章, 主要内容包括: 闯荡名利场, 需要硬装备 ; 这是个看脸又不完全看脸的世界 ; 豪门不一定通向天堂 ; 幸福生活需要耍点“手腕” ; 温柔比强焊更锋利等。
606 0  @a女性@9nv xing@x名人@x生平事迹@y中国@z古代
690    @aK828.5=2@v5
701  0 @a杨柳@9yang liu@4著
801  0 @aCN@bTANGWEI@c20170308
905    @b0957360-2@dK828.5=2@e67@f3
    
    历史上那些女人们/杨柳著.-北京:群言出版社,2016
    330页;24cm
    
    
    ISBN 978-7-5193-0096-8:CNY36.00
    本书共分为十章, 主要内容包括: 闯荡名利场, 需要硬装备 ; 这是个看脸又不完全看脸的世界 ; 豪门不一定通向天堂 ; 幸福生活需要耍点“手腕” ; 温柔比强焊更锋利等。
●
相关链接 在E读中查询图书 在五车中查询图书 在当当中查询图书 在豆瓣中查询图书


正题名:历史上那些女人们     索取号:K828.5=2/67         预约/预借

序号 登录号 条形码 馆藏地/架位号 状态 备注
1 0957360   209573601   第二样本阅览室/ [索取号:K828.5=2/67] 在馆    
2 0957361   209573610   第二借阅区/ [索取号:K828.5=2/67] 在馆    
3 0957362   209573629   第二借阅区/ [索取号:K828.5=2/67] 在馆    
唐山师范学院图书馆 欢迎您!
大连网信软件有限公司© 版权所有